00313nam a2200145Ia 45000030006000000080041000060400015000471000019000622450011000812500006000922600032000983000006001305460014001360050017001500STCL150530s9999 xx 000 0 und d aSTCLcSTCL aCivic Chandran aSurasu a1 bPatabhedam; Ariyannurc2000 a0 aMalayalam20220125171822.0